| 000 | 00656nam a2200181 a 4500 | ||
|---|---|---|---|
| 005 | 20230519063544.0 | ||
| 008 | 991125s1961 mx 000 0 spa u | ||
| 035 | _aUPN01000013257 | ||
| 049 | _aLT | ||
| 050 | 4 |
_aLB2003.45 E8 _bT6.2 |
|
| 100 | 1 | _aTorre Iglesias, Manuel | |
| 245 | 1 | 0 |
_aCurso superior de español / _cManuel Torre Iglesias. |
| 260 |
_aTepic : _bInstituto de Ciencias del Estado, Escuela Normal Superior de Nayarit, _c1961. |
||
| 300 |
_a191 p. : _bil. |
||
| 440 | 0 |
_aInstituto de Ciencias del Estado. _pEscuela Normal Superior de Nayarit. _pPublicaciones ; _v1 |
|
| 650 | 4 |
_aEspañol _xEstudio y enseñanza (Superior) _923060 |
|
| 905 | _aLibro | ||
| 999 |
_c13257 _d13257 |
||